000 00357pab a2200157 454500
008 180718b2006 xxu||||| |||| 00| 0 eng d
100 _aSingh, Pankaj Kumar
245 _aWitness protection programme
260 _c2006
300 _ap.9-17.
362 _aApr-Jun
650 _aCrime
773 _aIndian Police Journal
908 _aN
909 _a74847
999 _c74847
_d74847